Normal view
MARC view
Entry Personal Name
001 - CONTROL NUMBER
- control field: 238000
003 - CONTROL NUMBER IDENTIFIER
- control field: OSt
005 - DATE AND TIME OF LATEST TRANSACTION
- control field: 20250830105030.0
008 - FIXED-LENGTH DATA ELEMENTS
- fixed length control field: 250830|| aca||aabn | a|a d
040 ## - CATALOGING SOURCE
- Original cataloging agency: OSt
- Transcribing agency: OSt
100 ## - HEADING--PERSONAL NAME
- Personal name: Palistrant, Jim
670 ## - SOURCE DATA FOUND
- Source citation: Work cat.: (OSt)181870: Quatrani, Terry. 237995, Visual modeling with ibm rational software architect and uml /, 2006.